000 00991nam a2200289 i 4500
001 bg
100 1 _aLAW, Averill M.
245 1 0 _aSimulation modeling and analysis /
_cAverill M. Law.
250 _a4th ed.
260 _aBoston [etc.] :
_bMcGraw-Hill,
_c2007.
300 _aXIX, 768 s., [2] s. tabl. :
_bil. ;
_c24 cm +
_eCD ROM.
490 1 _aMcGraw-Hill Series in Industrial Engineering and Management Science
504 _aBibliogr. - Indeks.
650 9 _aSymulacja
655 _aPodręczniki akademickie
830 _aMcGraw-Hill Series in Industrial Engineering and Management Science
020 _a9780072988437
020 _a0072988436
040 _cBPK
041 0 _aeng
080 _a004.94:519.876.5
920 _a978-0-07-298843-7
920 _a0-07-298843-6
942 _cKS
008 s pl f |000 0 pol
999 _c53307
_d53307
856 _uhttp://koha.tu.koszalin.pl/cgi-bin/koha/opac-detail.pl?biblionumber=53307
_yKatalog online BPK